|
|
|
|
| LEADER |
00000naa2a2200000 4500 |
| 001 |
576828 |
| 005 |
20231101130342.0 |
| 035 |
|
|
|a (RuTPU)RU\TPU\prd\275975
|
| 035 |
|
|
|a RU\TPU\tpu\3956
|
| 090 |
|
|
|a 576828
|
| 100 |
|
|
|a 20180306a1964 k y0rusy50 ca
|
| 101 |
0 |
|
|a rus
|
| 102 |
|
|
|a RU
|
| 200 |
1 |
|
|a Графоаналитический расчет статистических характеристик трансформаторов, регулируемых подмагничиванием шунтов
|f А. И. Зайцев, В. П. Обрусник
|
| 461 |
|
|
|0 (RuTPU)RU\TPU\prd\195
|t Известия вузов. Электромеханика
|d 1958-
|
| 463 |
|
|
|0 (RuTPU)RU\TPU\prd\48860
|t № 10
|v С. 1234-1240
|d 1964
|
| 610 |
1 |
|
|a труды учёных ТПУ
|
| 700 |
|
1 |
|a Зайцев
|b А. И.
|c российский ученый, специалист в области энергетики
|c профессор Томского политехнического института
|f 1923-
|g Александр Иванович
|2 stltpush
|3 (RuTPU)RU\TPU\pers\19789
|
| 701 |
|
1 |
|a Обрусник
|b В. П.
|c российский ученый
|c профессор кафедры электропривода и автоматизации промышленных установок Томского политехнического университета
|f 1935-
|g Валентин Петрович
|2 stltpush
|3 (RuTPU)RU\TPU\pers\19850
|
| 801 |
|
0 |
|a RU
|b 63413507
|c 20011210
|g PSBO
|
| 801 |
|
2 |
|a RU
|b 63413507
|c 20180306
|g PSBO
|
| 942 |
|
|
|c BK
|